<?xml version="1.0" encoding="UTF-8"?>
<record
    xmlns:xsi="http://www.w3.org/2001/XMLSchema-instance"
    xsi:schemaLocation="http://www.loc.gov/MARC21/slim http://www.loc.gov/standards/marcxml/schema/MARC21slim.xsd"
    xmlns="http://www.loc.gov/MARC21/slim">

  <leader>02463cam a22003374a 4500</leader>
  <datafield tag="999" ind1=" " ind2=" ">
    <subfield code="c">17361</subfield>
    <subfield code="d">17361</subfield>
  </datafield>
  <controlfield tag="001">15464701</controlfield>
  <controlfield tag="005">20161123144739.0</controlfield>
  <controlfield tag="008">080925s2009    txuab    bc   001 0 eng  </controlfield>
  <datafield tag="010" ind1=" " ind2=" ">
    <subfield code="a">  2008042384</subfield>
  </datafield>
  <datafield tag="020" ind1=" " ind2=" ">
    <subfield code="a">9780300146967 (hardcover : alk. paper)</subfield>
  </datafield>
  <datafield tag="040" ind1=" " ind2=" ">
    <subfield code="a">DLC</subfield>
    <subfield code="c">DLC</subfield>
    <subfield code="d">DLC</subfield>
  </datafield>
  <datafield tag="043" ind1=" " ind2=" ">
    <subfield code="a">a-vt---</subfield>
  </datafield>
  <datafield tag="050" ind1="0" ind2="0">
    <subfield code="a">N7314.T46 2009</subfield>
    <subfield code="b">.T46 2009</subfield>
  </datafield>
  <datafield tag="082" ind1="0" ind2="0">
    <subfield code="2">22</subfield>
  </datafield>
  <datafield tag="100" ind1="1" ind2=" ">
    <subfield code="a">Tingley, Nancy,</subfield>
    <subfield code="d">1948-</subfield>
  </datafield>
  <datafield tag="245" ind1="1" ind2="0">
    <subfield code="a">Arts of ancient Viet Nam :</subfield>
    <subfield code="b">from river plain to open sea /</subfield>
    <subfield code="c">Nancy Tingley ; with essays by Andreas Reinecke ... [et al.].</subfield>
  </datafield>
  <datafield tag="260" ind1=" " ind2=" ">
    <subfield code="a">Houston :</subfield>
    <subfield code="b">Asia Society and The Museum of Fine Arts, Houston ;</subfield>
    <subfield code="a">New Haven :</subfield>
    <subfield code="b">Distributed by Yale University Press,</subfield>
    <subfield code="c">c2009.</subfield>
  </datafield>
  <datafield tag="300" ind1=" " ind2=" ">
    <subfield code="a">xi, 356 p. :</subfield>
    <subfield code="b">col. ill., col. map ;</subfield>
    <subfield code="c">30 cm.</subfield>
  </datafield>
  <datafield tag="500" ind1=" " ind2=" ">
    <subfield code="a">Published to accompany an exhibition held at the Museum of Fine Arts, Houston, Sept. 13, 2009-Jan. 3, 2010, and Asia Society and Museum, Feb. 3-May 2, 2010.</subfield>
  </datafield>
  <datafield tag="504" ind1=" " ind2=" ">
    <subfield code="a">Includes bibliographical references and index.</subfield>
  </datafield>
  <datafield tag="505" ind1="0" ind2=" ">
    <subfield code="a">Introduction / Nancy Tingley -- Early cultures (first millennium B.C. to second century A.D.) / Andreas Reinecke -- Catalogue / Nancy Tingley -- The archaeology of Fu Nan in the Mekong River Delta : the Oc Eo culture of Viet Nam / Pierre-Yves Manguin -- Catalogue / Nancy Tingley -- Champa : Riverine polities, ports of call / Nancy Tingley -- Catalogue / Nancy Tingley -- Trade and exchange in the sixteenth-eighteenth centuries through the prism of Hoi An / Kerry Nguyen-Long -- Catalogue / Nancy Tingley -- Appendix. Ceramics from shipwrecks off Viet Nam / Nguyen Dinh Chien.</subfield>
  </datafield>
  <datafield tag="520" ind1=" " ind2=" ">
    <subfield code="a">"Explores Viet Nam's rich heritage, from the Sa Huynh culture (1st millennium B.C.) to art from Hoi An. The authors discuss links between Viet Nam and Indonesia, reflected in the Hindu and Buddhist temples and stone sculptures, and investigate trade in gold and Chinese ceramics with Butuan"--Provided by publisher.</subfield>
  </datafield>
  <datafield tag="650" ind1=" " ind2="0">
    <subfield code="a">Art, Vietnamese</subfield>
    <subfield code="v">Exhibitions.</subfield>
  </datafield>
  <datafield tag="651" ind1=" " ind2="0">
    <subfield code="a">Vietnam</subfield>
    <subfield code="x">Antiquities</subfield>
    <subfield code="v">Exhibitions.</subfield>
  </datafield>
  <datafield tag="700" ind1="1" ind2=" ">
    <subfield code="a">Reinecke, Andreas.</subfield>
  </datafield>
  <datafield tag="710" ind1="2" ind2=" ">
    <subfield code="a">Asia Society.</subfield>
    <subfield code="b">Museum.</subfield>
  </datafield>
  <datafield tag="710" ind1="2" ind2=" ">
    <subfield code="a">Museum of Fine Arts, Houston.</subfield>
  </datafield>
  <datafield tag="906" ind1=" " ind2=" ">
    <subfield code="a">7</subfield>
    <subfield code="b">cbc</subfield>
    <subfield code="c">orignew</subfield>
    <subfield code="d">1</subfield>
    <subfield code="e">ecip</subfield>
    <subfield code="f">20</subfield>
    <subfield code="g">y-gencatlg</subfield>
  </datafield>
  <datafield tag="942" ind1=" " ind2=" ">
    <subfield code="2">lcc</subfield>
    <subfield code="c">BOOKS</subfield>
    <subfield code="h">N7314.T46 2009</subfield>
  </datafield>
  <datafield tag="952" ind1=" " ind2=" ">
    <subfield code="0">0</subfield>
    <subfield code="1">0</subfield>
    <subfield code="2">lcc</subfield>
    <subfield code="4">0</subfield>
    <subfield code="7">0</subfield>
    <subfield code="a">MUC</subfield>
    <subfield code="b">MUC</subfield>
    <subfield code="c">GEN</subfield>
    <subfield code="d">2016-11-23</subfield>
    <subfield code="e">Donation(B.F.A)</subfield>
    <subfield code="l">0</subfield>
    <subfield code="o">N7314.T46 2009</subfield>
    <subfield code="p">28181</subfield>
    <subfield code="r">2019-05-30</subfield>
    <subfield code="w">2016-11-23</subfield>
    <subfield code="y">BOOKS</subfield>
  </datafield>
</record>
